=LDR 00000nam 2200000 4500 =001 INLIS000000000007759 =005 20130612095715 =008 ***********************************ind** =035 ##$$0010-061300000007759 =041 ##$$a ind =082 ##$$a 004.68 =090 ##$$a 004.68, Gun b =100 ##$$a Gunadi, FX Sutiono =245 ##$$a Belajar sendir memahami konsep local area network, FX Sutiono Gunadi, Hanny Agustina =260 ##$$a 1993 $b Jakarta =300 ##$$a xv, 157 hlm, ilus, 21 cm =650 ##$$a Komputer-perlengkapan =700 ##$$a Hanny Agustina